| 000 | 00888nam a2200277 i 4500 | ||
|---|---|---|---|
| 003 | EG-GICUC | ||
| 005 | 20260318131554.0 | ||
| 008 | 260318s1937 ua |||fr|||| 00| 0 fre d | ||
| 040 |
_aEG-GiCUC _bfre _cEG-GiCUC _dEG-GiCUC _eRda |
||
| 082 | 0 | 4 |
_221 _a343.3 _bGO . C |
| 092 | 0 | 4 | _221 |
| 099 | _aLaw1 10 343.3 GO . C 1937 | ||
| 110 | _kGouvernement Egyptien | ||
| 245 |
_aCode D'instruction Criminelle Mixte / _cGouvernement Egyptien. |
||
| 264 | 1 |
_aLe Caire : _bImprimerie Nationale, Boulac, _c1937. |
|
| 300 |
_a104 page ; _c 24 cm. |
||
| 336 |
_2rda contenu _a texte |
||
| 337 |
_2rda medias _aOrdinateur |
||
| 338 |
_2 transporteur rda _a Ressource en ligne |
||
| 650 | 1 |
_aDroit de Procédure Pénale _2qrmak |
|
| 650 | 1 |
_aDroit De Pénal _2qrmak |
|
| 651 | 1 | _2qrmak | |
| 856 | 4 | 0 | _uhttps://fll.law.cu.edu.eg/fulltext/bks/B10-08233.pdf |
| 905 | _a54 | ||
| 942 |
_2ddc _cBK _e21 _n0 |
||
| 999 |
_c66453 _d66453 |
||